Name all countrys in North america - Statistics

General Stats
  • This quiz has been taken 469 times
  • The average score is 15 of 22
Answers on the Map
Answers color-coded by a green-red scale on the quiz's map according to % correct below.
 
Answer Stats
Answer % Correct
Canada
100%
Mexico
99%
United States Of America
99%
Cuba
82%
Panama
79%
Bahamas
74%
Jamaica
73%
Costa rica
72%
Haiti
70%
Dominican Republic
69%
El salvador
67%
Honduras
65%
Belize
64%
Nicaragua
64%
Guatemala
63%
Barbados
51%
Trinidad
51%
St kitts
49%
St lucia
49%
St vincent
48%
Antigua
42%
Grenada
42%
No matching quizzes found
Score Distribution
Percent of People with Each Score
Percentile by Number Answered
Your Score History
You have not taken this quiz